<?xml version="1.0" encoding="UTF-8"?>
<record
    xmlns:xsi="http://www.w3.org/2001/XMLSchema-instance"
    xsi:schemaLocation="http://www.loc.gov/MARC21/slim http://www.loc.gov/standards/marcxml/schema/MARC21slim.xsd"
    xmlns="http://www.loc.gov/MARC21/slim">

  <leader>01184nam0a2200325 i 4500</leader>
  <controlfield tag="001">RU\NLR\bibl\1888638</controlfield>
  <controlfield tag="005">20260408063946.0</controlfield>
  <datafield tag="010" ind1=" " ind2=" ">
    <subfield code="a">9785699532568</subfield>
    <subfield code="9">4000</subfield>
  </datafield>
  <datafield tag="021" ind1=" " ind2=" ">
    <subfield code="a">RU</subfield>
    <subfield code="b">2012-17729</subfield>
    <subfield code="9">120&#x434;/12</subfield>
  </datafield>
  <datafield tag="035" ind1=" " ind2=" ">
    <subfield code="a">(NLR Aleph) 001878341</subfield>
  </datafield>
  <datafield tag="090" ind1=" " ind2=" ">
    <subfield code="a">2756002</subfield>
    <subfield code="c">2756002</subfield>
  </datafield>
  <datafield tag="100" ind1=" " ind2=" ">
    <subfield code="a">20120406d2012    u  y0rusy50      ca</subfield>
  </datafield>
  <datafield tag="101" ind1="0" ind2=" ">
    <subfield code="a">rus</subfield>
  </datafield>
  <datafield tag="102" ind1=" " ind2=" ">
    <subfield code="a">RU</subfield>
  </datafield>
  <datafield tag="105" ind1=" " ind2=" ">
    <subfield code="a">a   |||||||||</subfield>
  </datafield>
  <datafield tag="200" ind1="1" ind2=" ">
    <subfield code="a">&#x418;&#x434;&#x435;&#x430;&#x43B;&#x44C;&#x43D;&#x430;&#x44F; &#x441;&#x432;&#x430;&#x434;&#x44C;&#x431;&#x430;, &#x438;&#x43B;&#x438; &#x41A;&#x430;&#x43A; &#x443;&#x441;&#x442;&#x440;&#x43E;&#x438;&#x442;&#x44C; &#x43F;&#x440;&#x430;&#x437;&#x434;&#x43D;&#x438;&#x43A; &#x441;&#x432;&#x43E;&#x435;&#x439; &#x43C;&#x435;&#x447;&#x442;&#x44B;</subfield>
    <subfield code="f">[Wedding, &#x441;&#x432;&#x430;&#x434;&#x435;&#x431;&#x43D;&#x44B;&#x439; &#x436;&#x443;&#x440;&#x43D;.]</subfield>
  </datafield>
  <datafield tag="210" ind1=" " ind2=" ">
    <subfield code="a">&#x41C;&#x43E;&#x441;&#x43A;&#x432;&#x430;</subfield>
    <subfield code="c">&#x42D;&#x43A;&#x441;&#x43C;&#x43E;</subfield>
    <subfield code="d">2012</subfield>
  </datafield>
  <datafield tag="215" ind1=" " ind2=" ">
    <subfield code="a">208 &#x441;.</subfield>
    <subfield code="c">&#x446;&#x432;. &#x438;&#x43B;.</subfield>
    <subfield code="d">29</subfield>
  </datafield>
  <datafield tag="225" ind1="1" ind2=" ">
    <subfield code="a">&#x414;&#x43E;&#x441;&#x443;&#x433;</subfield>
  </datafield>
  <datafield tag="517" ind1="0" ind2=" ">
    <subfield code="a">&#x41A;&#x430;&#x43A; &#x443;&#x441;&#x442;&#x440;&#x43E;&#x438;&#x442;&#x44C; &#x43F;&#x440;&#x430;&#x437;&#x434;&#x43D;&#x438;&#x43A; &#x441;&#x432;&#x43E;&#x435;&#x439; &#x43C;&#x435;&#x447;&#x442;&#x44B;</subfield>
  </datafield>
  <datafield tag="606" ind1=" " ind2=" ">
    <subfield code="a">&#x421;&#x432;&#x430;&#x434;&#x435;&#x431;&#x43D;&#x44B;&#x435; &#x43E;&#x431;&#x440;&#x44F;&#x434;&#x44B;</subfield>
    <subfield code="9">1608571</subfield>
    <subfield code="3">RU\NLR\auth\661006995</subfield>
  </datafield>
  <datafield tag="606" ind1="1" ind2=" ">
    <subfield code="a">&#x421;&#x432;&#x430;&#x434;&#x44C;&#x431;&#x44B;</subfield>
    <subfield code="x">&#x41E;&#x440;&#x433;&#x430;&#x43D;&#x438;&#x437;&#x430;&#x446;&#x438;&#x44F;</subfield>
    <subfield code="9">2545923</subfield>
    <subfield code="3">RU\NLR\auth\661506874</subfield>
  </datafield>
  <datafield tag="686" ind1=" " ind2=" ">
    <subfield code="a">&#x422;595.192</subfield>
  </datafield>
  <datafield tag="686" ind1=" " ind2=" ">
    <subfield code="a">&#x427;711.254</subfield>
  </datafield>
  <datafield tag="712" ind1="0" ind2="2">
    <subfield code="4">570</subfield>
    <subfield code="8">eng</subfield>
    <subfield code="8">rus</subfield>
    <subfield code="a">"Wedding", &#x436;&#x443;&#x440;&#x43D;&#x430;&#x43B;</subfield>
    <subfield code="c">&#x41C;&#x43E;&#x441;&#x43A;&#x432;&#x430;</subfield>
    <subfield code="7">ba</subfield>
    <subfield code="7">ca</subfield>
    <subfield code="3">RU\NLR\AUTH\8810209326</subfield>
    <subfield code="9">305958</subfield>
  </datafield>
  <datafield tag="801" ind1=" " ind2="0">
    <subfield code="a">RU</subfield>
    <subfield code="b">NLR</subfield>
    <subfield code="c">20120406</subfield>
    <subfield code="g">RCR</subfield>
  </datafield>
  <datafield tag="801" ind1=" " ind2="1">
    <subfield code="a">RU</subfield>
    <subfield code="b">NLR</subfield>
    <subfield code="c">20120406</subfield>
  </datafield>
  <datafield tag="942" ind1=" " ind2=" ">
    <subfield code="c">BOOK</subfield>
  </datafield>
  <datafield tag="980" ind1=" " ind2=" ">
    <subfield code="a">NBR</subfield>
  </datafield>
</record>
